Guess these underrated animes - Statistics

General Stats
  • This quiz has been taken 40 times
  • The average score is 5 of 16
Answer Stats
Hint Answer % Correct
It's about a group of friends in which a girl died but reappears as a ghost.Together, the friends try to fulfill her wish so that she can go to heaven. Anohana
70%
A boy stumbles and a goddess offers him a trip to another world, for which he can take something with him. He takes the goddess with him and so begins the adventure of a loser and his strange friends. Konosuba
70%
The Main has been exploited by his boss for the last 3 years and when the zombie apocalypse breaks out,he sees the chance to enjoy his life. So he writes a bucket list of 100 things he wants to do before he becomes a zombie. Zom 100
65%
It is a very emotional series where a girl who served in the war tries to understand the last words of her mayor "I love you". Violet Evergarden
62%
In a world with androids who have feelings, the main character works with an android girl he falls in love with. However, androids only live 9 years, and the girl has only a few months left. Plastic Memories
35%
In a depraved world, where the rich oppress and torture the poor, a group of rebels fights against the system. The Main character becomes a new member of the rebels and they lead a long painful battle. (With many deaths...) Akame Ga Kill
32%
The Main has fallen in love with a girl at first sight. Then she saved him from a truck and he promised to marry her. 2 years later they meet again and complete the wedding. Tonikawa
32%
It's about a normal boy, who is overtaken by his past by meeting a girl who has superhuman powers and also killed hundreds of people in a very brutal way. But there are also a few other girls with these powers. Elfenlied
16%
In a post-apocalyptic world, the Main character has to accept many setbacks. When he has just lost everything, he meets a woman and after a lot of events, he is a member of a group of mercenaries. The members are very cool, but almost all of them give their lives... Cyberpunk edgerunners
14%
After the Main was rejected, he met a high school student on the street who wanted to spend the night with him and offered something for it... he refused and helped her find herself again. Higehiro
14%
This one is a bit better known. The 13 episodes are especially about 2 girls who are members of an organization that tries to cover upany terrorist crimes in order to fake peace. Lycoris Recoil
14%
In the life of the main character, everything revolves around video games. He spends most of his time in the arcades. There he meets a girl who is even better than him. He has found his rival and so begins the journey of friendship and gaming Hi Score Girl
11%
It's about a little boy who lives alone. His neighbors support him and while they cope with everyday life together you learn more about his past. Kotaro lives alone
11%
It's about a boy who has had many bad experiences with other people and therefore has a misanthropic attitude. He is forced to join the helper club of his school and meets 2 girls there. From then on, they are confronted with various problems. My Teen Romantic Comedy SNAFU
11%
The main character is afraid of all people, which is why he locks himself at home. Slowly he finds a way back to normality through a young woman but the way is hard. Welcome to the NHK
5%
The main character is a member of an organization that hides ancient, powerful relics of a past civilization to prevent the abuse of this power. Spriggan
3%
No matching quizzes found
Score Distribution
Percent of People with Each Score
Percentile by Number Answered
Your Score History
You have not taken this quiz